=LDR 00000nam 2200000 4500 =001 INLIS000000000039191 =005 20140521172506.0 =006 =007 =008 Ind =035 ##$$0010-061300000039191 =041 ##$$a Ind =082 ##$$a 639.543 =090 ##$$a 639.543, Suy p =100 ##$$a Suyanto, Dra.S.Rochmatun =245 ##$$a Panduan Budi Daya Udang Windu, Dra.S.Rochmatun Suyanto =260 ##$$a 2009 $b Jakarta =300 ##$$a 207 Hlm, 21 Cm =700 ##$$a Ir.Enny Purbani Takarina, M.Si =850 ##$$a NBPNMAT =990 ##$$a 21400613/BPAP-NTB/20142014 =990 ##$$a 0001/BPAP-NTB/2015 =990 ##$$a 0001/BPAP-NTB/2015 =990 ##$$a 1279112791 =990 ##$$a 21400613/BPAP-NTB/20142014 =990 ##$$a 21400613/BPAP-NTB/20142014 =990 ##$$a 0001/BPAP-NTB/2015 =990 ##$$a 0001/BPAP-NTB/2015 =990 ##$$a 01201712791